Nemecko-slovenský pôdohospodársky slovník /

Další autoři: Krippel, Mikuláš, Pullmanova, Viera, Kolek, Jozef, 1923-
Jazyk: Němčina
Slovenština
Vydáno: Bratislava : Príroda, 1971
Vydání: 1. vyd.
Edice: Slovníky (Príroda)
Témata:
Fyzický popis: 583 s. ; 8°
Knihy
Uloženo v:
LEADER 01067nam a22003012a 4500
001 001296715
003 CZ BrMZK
005 20130531135247.0
007 ta
008 130527s1971 xo er|||||||||||slo d
040 |a BOD008  |b cze  |d BOA001 
041 0 |a slo  |a ger 
072 7 |a 030  |x Všeobecná příručková díla  |2 Konspekt  |9 12 
080 9 |a 030 
245 0 0 |a Nemecko-slovenský pôdohospodársky slovník /  |c za redakce M. Kripella a V. Pullmanovej zostavil kolektív autorov pod vedením J. Koleka 
250 |a 1. vyd. 
260 |a Bratislava :  |b Príroda,  |c 1971 
300 |a 583 s. ;  |c 8° 
490 1 |a Slovníky 
653 0 |a slovníky  |a německo-slovenský slovník  |a půdohospodářský slovník 
700 1 |a Krippel, Mikuláš  |7 jx20040720131  |4 edt 
700 1 |a Pullmanova, Viera  |4 edt 
700 1 |a Kolek, Jozef,  |d 1923-  |7 jn20000603464  |4 aut 
830 0 |a Slovníky (Príroda) 
910 |a BOA001  |b 2-0669.240 
990 |a BK 
991 |b 201305 
996 7 |b 2619001915  |c 2-0669.240  |l Sklad H1  |r Sklad / do 24 hodin  |n 0  |h HS212  |w 001331372  |u 000010  |a 1  |e BOA001  |j MZK50  |s A